00782nam a2200229Ii 45000010005000000030009000050080041000140200015000550400033000700410008001030820018001111000034001292450032001632640059001953000012002543360026002663370028002923380027003209400050003479990017003979520138004149430CO-ViMGA241108s9999||||xx |||||||||||||| ||und|| a968131493X aCO-ViMGAbspaerdacCO-ViMGA0 aunk04a392.782 A367q1 aMiguel Aleman Valdés95631510aQuince lecciones de turismo 1a[Lugar de publicación no identificado] : Diana, 1983 avolumen atextbtxt2rdacontent aunmediatedbn2rdamedia avolumebnc2rdacarrier aidficha_siabuc: 9220. -- ficha_no_siabuc:9430 c54199d54199 001040708001aMEVIGERRbMEVIGERRcGENd2006-11-27o392.782 A367qpECA9904r2024-11-26 10:41:12tEj.1w2024-11-26yBKz9220 | 12730